| 000 | 00493nam a22001697a 4500 | ||
|---|---|---|---|
| 003 | OSt | ||
| 008 | 210915b ||||| |||| 00| 0 eng d | ||
| 020 | _a9789380235882 | ||
| 082 |
_a631.30954 _bSAR/IN |
||
| 245 | _aInformation & Communication Technology for Agriculture & Rural Development | ||
| 260 |
_aNew Delhi _bNew India Publishing Agency _c2011 |
||
| 300 | _a368 pages | ||
| 700 |
_aSaravanan,R, _95065 |
||
| 700 |
_aKathiresan,c, _95066 |
||
| 700 |
_aIndra Devi,T _95067 |
||
| 942 | _cBK | ||
| 999 |
_c17438 _d17438 |
||